[Event "ROM-chT"]
[Site "Sovata"]
[Date "2018.11.25"]
[Round "2.3"]
[White "Popescu, Daniel Vasilica"]
[Black "Pavlov, Mircea Sergiu"]
[Result "0-1"]
[WhiteElo "2131"]
[BlackElo "2330"]
[PlyCount "122"]
[EventDate "2018.11.24"]
[EventType "team-tourn"]
[EventRounds "9"]
[EventCountry "ROU"]
[SourceTitle "CBM 187 Extra"]
[Source "ChessBase"]
[SourceDate "2018.11.04"]
[SourceVersion "1"]
[SourceVersionDate "2018.11.04"]
[SourceQuality "1"]
[WhiteTeam "Buzau Phoenix"]
[BlackTeam "Techirghiol Victoria"]
[WhiteTeamCountry "ROU"]
[BlackTeamCountry "ROU"]

1. e4 c5 2. Nc3 Nc6 3. Nf3 g6 4. Bb5 Bg7 5. d3 Nd4 6. Bc4 d6 7. Be3 e6 8. Rb1 Ne7 9. Ne2 Nec6 10. Nf4 0-0 11. h4 b5 12. Bb3 e5 13. Nd5 Bg4 14. c3 Nxb3 15. Qxb3 Rb8 16. Bg5 Qd7 17. Nh2 Be6 18. h5 f6 19. Be3 Ne7 20. hxg6 hxg6 21. Nxe7+ Qxe7 22. Qd1 Qd7 23. Nf3 Kf7 24. Ke2 Rh8 25. Qd2 Bg4 26. Rbg1 Rh5 27. Rxh5 Bxh5 28. Kf1 b4 29. Ne1 bxc3 30. Qxc3 Bg4 31. Rh1 Qa4 32. a3 Qb3 33. Qxb3+ Rxb3 34. Bc1 Be6 35. Ke2 d5 36. f3 d4 37. Kd2 c4 38. Kc2 c3 39. g3 f5 40. bxc3 Rxc3+ 41. Kd2 a5 42. Bb2 Rc8 43. f4 Bb3 44. Ke2 a4 45. Rh2 Rc5 46. Rh4 fxe4 47. fxe5 exd3+ 48. Kxd3 Bxe5 49. Bxd4 Rd5 50. Nf3 Bxg3 51. Rg4 Bd6 52. Ng5+ Ke7 53. Ne4 Bxa3 54. Rxg6 Bb2 55. Nc3 Rh5 56. Rg7+ Ke6 57. Rg6+ Kf7 58. Rg7+ Ke6 59. Ne2 Rh3+ 60. Be3 Bxg7 61. Nf4+ Ke5 0-1

[Event "ROM-chT2"]
[Site "Slanic Moldova"]
[Date "2017.10.08"]
[Round "9.4"]
[White "Florea, Leonard Gelu"]
[Black "Pavlov, Mircea Sergiu"]
[Result "1/2-1/2"]
[WhiteElo "1978"]
[BlackElo "2334"]
[PlyCount "30"]
[EventDate "2017.09.30"]
[EventType "team-tourn"]
[EventRounds "9"]
[EventCountry "ROU"]
[SourceTitle "CBM 181 Extra"]
[Source "ChessBase"]
[SourceDate "2017.12.12"]
[SourceVersion "1"]
[SourceVersionDate "2017.12.12"]
[SourceQuality "1"]
[WhiteTeam "Galati Diana"]
[BlackTeam "Techirghiol Victoria"]
[WhiteTeamCountry "ROU"]
[BlackTeamCountry "ROU"]

1. d4 Nf6 2. Bf4 g6 3. e3 Bg7 4. Nf3 d6 5. h3 0-0 6. Be2 c5 7. c3 Qb6 8. Qb3 Be6 9. Qa3 Nc6 10. Nbd2 Rac8 11. 0-0 Qa5 12. Qxa5 Nxa5 13. Rfe1 Nd5 14. Bh2 cxd4 15. exd4 Bh6 1/2-1/2

[Event "Monastir Slama Memorial 4th"]
[Site "Monastir"]
[Date "2014.09.03"]
[Round "5"]
[White "Pavlov, Mircea Sergiu"]
[Black "Birjukov, Sergey"]
[Result "1/2-1/2"]
[WhiteElo "2346"]
[BlackElo "2175"]
[PlyCount "98"]
[EventDate "2014.09.01"]
[EventType "swiss"]
[EventRounds "9"]
[EventCountry "TUN"]
[SourceTitle "EXT 2015"]
[Source "ChessBase"]
[SourceDate "2014.11.20"]
[SourceVersion "1"]
[SourceVersionDate "2014.11.20"]
[SourceQuality "1"]

1. e4 e6 2. d4 d5 3. Nc3 Nf6 4. e5 Nfd7 5. f4 c5 6. Nf3 Nc6 7. Be3 a6 8. Be2 b5 9. Qd2 b4 10. Nd1 cxd4 11. Nxd4 Nxd4 12. Bxd4 Bc5 13. Bxc5 Nxc5 14. Qxb4 Qe7 15. 0-0 0-0 16. Nf2 Qa7 17. Qd4 Bd7 18. b3 a5 19. Rac1 Rfc8 20. c4 dxc4 21. Bxc4 Rc7 22. Rc3 Na6 23. Qxa7 Raxa7 24. a3 a4 25. b4 Bb5 26. Rfc1 Bxc4 27. Rxc4 Rxc4 28. Rxc4 Rc7 29. Rxc7 Nxc7 30. Ne4 Nb5 31. Nc5 Nxa3 32. Nxa4 Kf8 33. Kf2 Ke7 34. Nc3 f6 35. exf6+ gxf6 36. g4 h6 37. h4 Nc4 38. h5 e5 39. f5 Nb6 40. Ke2 Kd7 41. Kd3 Kc6 42. b5+ Kd7 43. Kc2 Nc4 44. Nd5 Na3+ 45. Kd3 Nxb5 46. Nxf6+ Ke7 47. Nd5+ Kf7 48. Ke4 Nd4 49. Kxe5 Nf3+ 1/2-1/2

[Event "Monastir Slama Memorial 4th"]
[Site "Monastir"]
[Date "2014.09.02"]
[Round "2"]
[White "Boudriga, Mohamed Ali"]
[Black "Pavlov, Mircea Sergiu"]
[Result "1/2-1/2"]
[WhiteElo "2299"]
[BlackElo "2346"]
[PlyCount "41"]
[EventDate "2014.09.01"]
[EventType "swiss"]
[EventRounds "9"]
[EventCountry "TUN"]
[SourceTitle "EXT 2015"]
[Source "ChessBase"]
[SourceDate "2014.11.20"]
[SourceVersion "1"]
[SourceVersionDate "2014.11.20"]
[SourceQuality "1"]

1. e4 c5 2. Nf3 d6 3. g3 Nc6 4. Bg2 g6 5. 0-0 Bg7 6. c3 e5 7. d3 Nge7 8. a3 d5 9. exd5 Nxd5 10. Re1 0-0 11. Nbd2 f6 12. Nc4 Re8 13. Qb3 Nb6 14. Nfd2 Be6 15. Qc2 Bd5 16. Bxd5+ Qxd5 17. Nxb6 axb6 18. Nc4 Rad8 19. Nxb6 Qxd3 20. Qxd3 Rxd3 21. Be3 1/2-1/2

[Event "Monastir Slama Memorial 4th"]
[Site "Monastir"]
[Date "2014.09.01"]
[Round "1"]
[White "Pavlov, Mircea Sergiu"]
[Black "Gator, Mosab"]
[Result "1/2-1/2"]
[WhiteElo "2346"]
[BlackElo "2174"]
[PlyCount "34"]
[EventDate "2014.09.01"]
[EventType "swiss"]
[EventRounds "9"]
[EventCountry "TUN"]
[SourceTitle "EXT 2015"]
[Source "ChessBase"]
[SourceDate "2014.11.20"]
[SourceVersion "1"]
[SourceVersionDate "2014.11.20"]
[SourceQuality "1"]

1. e4 Nf6 2. e5 Nd5 3. d4 d6 4. Nf3 Bg4 5. Be2 Nc6 6. c4 Nb6 7. exd6 exd6 8. 0-0 Be7 9. d5 Bxf3 10. Bxf3 Ne5 11. Be2 0-0 12. Qc2 Bf6 13. Nd2 Nbd7 14. Ne4 Re8 15. Rb1 a5 16. b3 Nc5 17. Nxf6+ Qxf6 1/2-1/2

[Event "ROM-chT"]
[Site "Brasov"]
[Date "2011.10.16"]
[Round "9.2"]
[White "Pavlov, Mircea Sergiu"]
[Black "Busu, Corneliu"]
[Result "1/2-1/2"]
[WhiteElo "2355"]
[BlackElo "2275"]
[PlyCount "46"]
[EventDate "2011.10.08"]
[EventType "team-tourn"]
[EventRounds "9"]
[EventCountry "ROU"]
[SourceTitle "CBM 144 Extra"]
[Source "ChessBase"]
[SourceDate "2011.10.28"]
[SourceVersion "1"]
[SourceVersionDate "2011.10.28"]
[SourceQuality "1"]
[WhiteTeam "Techirghiol Victoria"]
[BlackTeam "Resita Muncitorul"]
[WhiteTeamCountry "ROU"]
[BlackTeamCountry "ROU"]

1. e4 c5 2. Nf3 e6 3. d4 cxd4 4. Nxd4 a6 5. Bd3 g6 6. c4 Bg7 7. Nb3 Ne7 8. Nc3 d5 9. cxd5 exd5 10. 0-0 0-0 11. Bg5 f6 12. Be3 dxe4 13. Nxe4 Nbc6 14. Qe2 Ne5 15. Rfd1 Nxd3 16. Rxd3 Qc7 17. Rc1 Nc6 18. Bc5 Rf7 19. Bd6 Qb6 20. Bc5 Qc7 21. Bd6 Qb6 22. Bc5 Ne5 23. Bd6 Nc6 1/2-1/2

[Event "Wch Seniors 20th"]
[Site "Arco"]
[Date "2010.11.04"]
[Round "9"]
[White "Pavlov, Mircea Sergiu"]
[Black "Pritchett, Craig William"]
[Result "1/2-1/2"]
[WhiteElo "2362"]
[BlackElo "2314"]
[PlyCount "36"]
[EventDate "2010.10.26"]
[EventType "swiss"]
[EventRounds "11"]
[EventCountry "ITA"]
[SourceTitle "EXT 2011"]
[Source "ChessBase"]
[SourceDate "2010.11.26"]
[SourceVersion "1"]
[SourceVersionDate "2010.11.26"]
[SourceQuality "1"]

1. e4 c5 2. Nf3 e6 3. d4 cxd4 4. Nxd4 a6 5. Nc3 Qc7 6. Bd3 Nc6 7. Be3 b5 8. 0-0 Bb7 9. Qe2 Nf6 10. f4 Nxd4 11. Bxd4 Bc5 12. Bxc5 Qxc5+ 13. Kh1 b4 14. Nd1 d5 15. e5 Ne4 16. c4 0-0 17. cxd5 exd5 18. Nf2 f5 1/2-1/2

[Event "Wch Seniors 20th"]
[Site "Arco"]
[Date "2010.11.01"]
[Round "6"]
[White "Karl, Hans"]
[Black "Pavlov, Mircea Sergiu"]
[Result "0-1"]
[WhiteElo "2211"]
[BlackElo "2362"]
[PlyCount "104"]
[EventDate "2010.10.26"]
[EventType "swiss"]
[EventRounds "11"]
[EventCountry "ITA"]
[SourceTitle "EXT 2011"]
[Source "ChessBase"]
[SourceDate "2010.11.26"]
[SourceVersion "1"]
[SourceVersionDate "2010.11.26"]
[SourceQuality "1"]

1. d4 d5 2. c4 e6 3. Nc3 c6 4. Nf3 dxc4 5. a4 Bb4 6. Bd2 a5 7. e3 b5 8. axb5 Bxc3 9. Bxc3 cxb5 10. b3 Bb7 11. bxc4 b4 12. Bb2 Nf6 13. Bd3 0-0 14. 0-0 Nbd7 15. Qc2 Qc7 16. e4 e5 17. d5 Rfe8 18. c5 Qxc5 19. Qxc5 Nxc5 20. Bb5 Nfd7 21. Rfc1 f6 22. Rxc5 Nxc5 23. Bxe8 Rxe8 24. Rxa5 Nxe4 25. Rb5 Nd6 26. Rxb4 Bxd5 27. Nd2 Rc8 28. f4 Rc2 29. fxe5 fxe5 30. Bxe5 Rxd2 31. Bxd6 Rxg2+ 32. Kf1 Kf7 33. Bg3 Rc2 34. Rd4 Ke6 35. Ke1 g5 36. Rd2 Rc4 37. Re2+ Be4 38. Kf2 Kf5 39. h3 h5 40. Rb2 h4 41. Rb5+ Kg6 42. Be5 Rc2+ 43. Ke3 Bc6 44. Rb3 Kf5 45. Bd6 Bd7 46. Ra3 Kg6 47. Ke4 Rc1 48. Be5 Bf5+ 49. Kd4 Rd1+ 50. Kc5 Rh1 51. Ra6+ Kh5 52. Bg7 Rxh3 0-1

[Event "Wch Seniors 20th"]
[Site "Arco"]
[Date "2010.10.27"]
[Round "2"]
[White "Kleszczewski, Nicholas"]
[Black "Pavlov, Mircea Sergiu"]
[Result "0-1"]
[WhiteElo "2145"]
[BlackElo "2362"]
[PlyCount "54"]
[EventDate "2010.10.26"]
[EventType "swiss"]
[EventRounds "11"]
[EventCountry "ITA"]
[SourceTitle "EXT 2011"]
[Source "ChessBase"]
[SourceDate "2010.11.26"]
[SourceVersion "1"]
[SourceVersionDate "2010.11.26"]
[SourceQuality "1"]

1. e4 c5 2. c3 d5 3. e5 Nc6 4. d4 cxd4 5. cxd4 Qb6 6. Nf3 Bg4 7. Nbd2 e6 8. a3 Nge7 9. Qa4 a6 10. Bd3 Nf5 11. Bxf5 Bxf5 12. 0-0 Be7 13. Re1 0-0 14. Qb3 Qxb3 15. Nxb3 a5 16. Be3 a4 17. Nbd2 Na5 18. Rac1 Bc2 19. Kf1 b5 20. g4 Rfc8 21. h3 Rc6 22. Ke2 Rac8 23. Ra1 Bg6 24. h4 h5 25. Rg1 Rc2 26. Rab1 Nc4 27. Rgc1 Nxe3 0-1

[Event "ROM-chT"]
[Site "Baile Tusnad"]
[Date "2005.05.29"]
[Round "9"]
[White "Danilov, Vladimir"]
[Black "Pavlov, Mircea Sergiu"]
[Result "1/2-1/2"]
[WhiteElo "2358"]
[BlackElo "2364"]
[PlyCount "114"]
[EventDate "2005.05.21"]
[EventType "team"]
[EventRounds "9"]
[EventCountry "ROU"]
[SourceTitle "CBM 106 Extra"]
[Source "ChessBase"]
[SourceDate "2005.07.01"]
[SourceVersion "1"]
[SourceVersionDate "2005.07.01"]
[SourceQuality "1"]

1. b3 e5 2. Bb2 Nc6 3. e3 Nf6 4. Bb5 Bd6 5. Ne2 0-0 6. 0-0 a6 7. Bxc6 dxc6 8. f4 e4 9. Ng3 Re8 10. Nc3 Bd7 11. a3 Qe7 12. Qe1 Rad8 13. Nd1 c5 14. Nf2 Bc6 15. Nf5 Qd7 16. Bxf6 Qxf5 17. Bxd8 Rxd8 18. c4 Re8 19. Qe2 Qg6 20. Qg4 Qf6 21. Rab1 Rd8 22. Rfd1 Bf8 23. Qg5 Qxg5 24. fxg5 Be7 25. h4 f6 26. gxf6 Bxf6 27. g3 Be5 28. Kg2 h5 29. g4 g6 30. gxh5 gxh5 31. Nh3 Bd7 32. Ng5 Bg4 33. Nxe4 Bf5 34. d3 Rxd3 35. Nxc5 Rxe3 36. Rd8+ Kg7 37. Kf2 Rh3 38. Rg1+ Bg4 39. Rd3 Rxd3 40. Rxg4+ hxg4 41. Nxd3 Bd6 42. c5 Bf8 43. Kg3 b6 44. b4 bxc5 45. Nxc5 Bd6+ 46. Kxg4 a5 47. Kf5 axb4 48. axb4 Kh6 49. Ke6 Kh5 50. Kd7 Kxh4 51. Kc6 Kg4 52. b5 Kf5 53. Na6 Bh2 54. Nxc7 Bg1 55. Nd5 Ke4 56. Ne7 Kd3 57. Kd5 Kc3 1/2-1/2

[Event "ROM-chT"]
[Site "Baile Tusnad"]
[Date "2005.05.27"]
[Round "7"]
[White "Mateuta, Gabriel"]
[Black "Pavlov, Mircea Sergiu"]
[Result "1-0"]
[WhiteElo "2478"]
[BlackElo "2364"]
[PlyCount "61"]
[EventDate "2005.05.21"]
[EventType "team"]
[EventRounds "9"]
[EventCountry "ROU"]
[SourceTitle "CBM 106 Extra"]
[Source "ChessBase"]
[SourceDate "2005.07.01"]
[SourceVersion "1"]
[SourceVersionDate "2005.07.01"]
[SourceQuality "1"]

1. d4 d5 2. c4 c6 3. Nc3 Nf6 4. e3 e6 5. Nf3 Nbd7 6. Qc2 Bd6 7. Be2 0-0 8. 0-0 Re8 9. Rd1 Qe7 10. b3 b6 11. Bb2 Bb7 12. Rac1 Rac8 13. Qb1 h6 14. g3 a6 15. Nh4 dxc4 16. e4 cxb3 17. e5 bxa2 18. Nxa2 Bb8 19. exf6 Nxf6 20. Nf3 b5 21. Ne5 Bd6 22. Nd3 Nd7 23. Bf3 a5 24. Nc3 Ba6 25. Ne4 b4 26. Qa1 Bxd3 27. Rxd3 Bc7 28. Rxc6 Bb6 29. Qa4 Rb8 30. Rd1 Red8 31. Kg2 1-0

[Event "ROM-chT"]
[Site "Baile Tusnad"]
[Date "2005.05.26"]
[Round "6"]
[White "Shishkin, Vadim"]
[Black "Pavlov, Mircea Sergiu"]
[Result "1-0"]
[WhiteElo "2519"]
[BlackElo "2364"]
[PlyCount "45"]
[EventDate "2005.05.21"]
[EventType "team"]
[EventRounds "9"]
[EventCountry "ROU"]
[SourceTitle "CBM 106 Extra"]
[Source "ChessBase"]
[SourceDate "2005.07.01"]
[SourceVersion "1"]
[SourceVersionDate "2005.07.01"]
[SourceQuality "1"]

1. d4 Nf6 2. c4 g6 3. Nc3 Bg7 4. e4 d6 5. Be2 0-0 6. Nf3 e5 7. Be3 Nbd7 8. 0-0 Re8 9. d5 Ng4 10. Bg5 f6 11. Bh4 g5 12. Bg3 Nh6 13. h4 Nf8 14. Qd2 g4 15. Nh2 f5 16. exf5 Bxf5 17. h5 Bf6 18. Rae1 Bg5 19. Qd1 Qd7 20. f3 gxf3 21. Bxf3 Qe7 22. Be4 Bc8 23. Bc2 1-0

[Event "ROM-chT"]
[Site "Baile Tusnad"]
[Date "2005.05.25"]
[Round "5"]
[White "Pavlov, Mircea Sergiu"]
[Black "Vajda, Levente"]
[Result "1/2-1/2"]
[WhiteElo "2364"]
[BlackElo "2541"]
[PlyCount "111"]
[EventDate "2005.05.21"]
[EventType "team"]
[EventRounds "9"]
[EventCountry "ROU"]
[SourceTitle "CBM 106 Extra"]
[Source "ChessBase"]
[SourceDate "2005.07.01"]
[SourceVersion "1"]
[SourceVersionDate "2005.07.01"]
[SourceQuality "1"]

1. e4 g6 2. d4 Bg7 3. Nc3 d6 4. Bg5 a6 5. f4 c5 6. dxc5 Qa5 7. Qd2 Bxc3 8. Qxc3 Qxc3+ 9. bxc3 dxc5 10. Nf3 Nf6 11. Nd2 Be6 12. a4 Nc6 13. Bd3 0-0-0 14. 0-0 Rhg8 15. Rfe1 Nh5 16. e5 Ng7 17. Bh4 Bf5 18. Ne4 Ne6 19. Bg3 Na5 20. c4 Nc6 21. Rab1 Nb4 22. Nxc5 Nxc5 23. Bxf5+ gxf5 24. Rxb4 Rd2 25. Reb1 Rgd8 26. Bf2 Rd1+ 27. Be1 R8d2 28. a5 Rxb1 29. Rxb1 Rxc2 30. Bh4 e6 31. Rd1 Rxc4 32. Rd8+ Kc7 33. Rf8 b5 34. axb6+ Kxb6 35. Rxf7 a5 36. Bd8+ Ka6 37. Bxa5 Kxa5 38. g3 Kb5 39. Rxh7 Kc6 40. Kg2 Rc2+ 41. Kf3 Kd5 42. h4 Rc3+ 43. Kg2 Nd3 44. h5 Ke4 45. h6 Rc2+ 46. Kh3 Nf2+ 47. Kh4 Ng4 48. Kg5 Rh2 49. Ra7 Rxh6 50. Ra4+ Kf3 51. Ra3+ Kg2 52. Ra2+ Kh3 53. Ra6 Kg2 54. Ra2+ Kh3 55. Ra6 Kg2 56. Ra2+ 1/2-1/2

[Event "ROM-chT"]
[Site "Eforie Nord"]
[Date "2000.12.19"]
[Round "2"]
[White "Pavlov, Mircea Sergiu"]
[Black "Rogozenco, Dorian"]
[Result "0-1"]
[WhiteElo "2365"]
[BlackElo "2531"]
[PlyCount "96"]
[EventDate "2000.12.18"]
[EventType "team"]
[EventRounds "5"]
[EventCountry "ROU"]
[SourceTitle "CBM 081"]
[Source "ChessBase"]
[SourceDate "2001.03.20"]
[SourceVersion "1"]
[SourceVersionDate "2001.03.20"]
[SourceQuality "1"]
[WhiteTeam "Victoria Techirghiol"]
[BlackTeam "Bucharest AS RAT"]
[WhiteTeamCountry "ROU"]
[BlackTeamCountry "ROU"]

1. e4 c5 2. Nf3 Nc6 3. d4 cxd4 4. Nxd4 Nf6 5. Nc3 e5 6. Ndb5 d6 7. Bg5 a6 8. Na3 b5 9. Bxf6 gxf6 10. Nd5 f5 11. Bd3 Be6 12. 0-0 Bxd5 13. exd5 Ne7 14. c3 Bg7 15. Qh5 e4 16. Bc2 0-0 17. Rae1 Rc8 18. Bb1 Rc5 19. Rd1 Nxd5 20. Rxd5 Rxd5 21. Bxe4 Re5 22. Bxf5 h6 23. Nc2 Qg5 24. Qxg5 hxg5 25. g4 Rd5 26. Re1 Rd2 27. Kf1 d5 28. Re2 Rd1+ 29. Kg2 d4 30. cxd4 Bxd4 31. Nb4 Bg7 32. Nxa6 Rfd8 33. Nc7 b4 34. a3 b3 35. Re3 Bd4 36. Rxb3 Rd2 37. Rf3 Rxb2 38. Be4 Re2 39. Bd3 Rxf2+ 40. Rxf2 Bxf2 41. Bb5 Rd2 42. Kf3 Bb6 43. Ne8 Rxh2 44. Ke4 Rf2 45. a4 Kf8 46. Nd6 Rf4+ 47. Kd5 Rxg4 48. Nc4 Bf2 0-1

[Event "ROM-chT"]
[Site "Sovata"]
[Date "1999.04.16"]
[Round "3"]
[White "Pavlov, Mircea Sergiu"]
[Black "Suba, Mihai"]
[Result "1/2-1/2"]
[WhiteElo "2372"]
[BlackElo "2531"]
[PlyCount "49"]
[EventDate "1999.04.16"]
[EventType "team"]
[EventRounds "5"]
[EventCountry "ROU"]
[SourceTitle "EXT 2000"]
[Source "ChessBase"]
[SourceDate "1999.11.16"]
[SourceVersion "1"]
[SourceVersionDate "1999.11.16"]
[SourceQuality "1"]

1. e4 c5 2. Nf3 d6 3. d4 Nf6 4. Nc3 cxd4 5. Nxd4 e6 6. Be2 a6 7. 0-0 Qc7 8. a4 Be7 9. f4 0-0 10. Kh1 b6 11. Bf3 Bb7 12. f5 e5 13. Nde2 Nbd7 14. g4 h6 15. g5 hxg5 16. Bxg5 Rfe8 17. Rg1 d5 18. Bh6 Bf8 19. Rxg7+ Bxg7 20. Qg1 Kf8 21. Bxg7+ Ke7 22. exd5 e4 23. Nxe4 Nxe4 24. Bxe4 Kd8 25. Qd4 1/2-1/2

[Event "ROM-chT"]
[Site "Calarasi"]
[Date "1995.??.??"]
[Round "?"]
[White "Pavlov, Mircea Sergiu"]
[Black "Bach, Adrian"]
[Result "1-0"]
[WhiteElo "2390"]
[BlackElo "2350"]
[PlyCount "91"]
[EventDate "1995.??.??"]
[EventType "team"]
[EventRounds "9"]
[EventCountry "ROU"]
[SourceTitle "EXT 1999"]
[Source "ChessBase"]
[SourceDate "1998.11.16"]
[SourceVersion "1"]
[SourceVersionDate "1998.11.16"]
[SourceQuality "1"]

1. e4 c5 2. Nf3 d6 3. d4 cxd4 4. Nxd4 Nf6 5. Nc3 a6 6. Bg5 e6 7. Be2 h6 8. Bh4 Qb6 9. Bxf6 gxf6 10. 0-0 Nc6 11. Nb3 Bd7 12. Bh5 Rg8 13. Kh1 Rg7 14. f4 0-0-0 15. a4 a5 16. Nb5 Be8 17. Qe2 d5 18. exd5 Rxd5 19. Bf3 Rd8 20. Rfd1 f5 21. Rxd8+ Nxd8 22. Rd1 Bc6 23. N3d4 Bxf3 24. Qxf3 f6 25. Qc3+ Kb8 26. Nb3 Be7 27. Qxa5 Qxa5 28. Nxa5 Kc8 29. g3 Bc5 30. Kg2 Rd7 31. Rxd7 Kxd7 32. c3 e5 33. b4 Bf8 34. Kf3 h5 35. Nc4 Nf7 36. Ne3 Nh6 37. h3 Kc6 38. Ke2 Be7 39. h4 Bd6 40. Nxd6 Kxd6 41. Kd3 Ke6 42. c4 Ng8 43. c5 Ne7 44. Kc4 Nc6 45. b5 Nd4 46. a5 1-0

[Event "ROM-chT"]
[Site "Romania"]
[Date "1994.??.??"]
[Round "?"]
[White "Danilov, Vladimir"]
[Black "Pavlov, Mircea Sergiu"]
[Result "0-1"]
[WhiteElo "2315"]
[BlackElo "2385"]
[PlyCount "72"]
[EventDate "1994.??.??"]
[EventType "team"]
[EventRounds "10"]
[EventCountry "ROU"]
[SourceTitle "EXT 1997"]
[Source "ChessBase"]
[SourceDate "1996.11.15"]
[SourceVersion "1"]
[SourceVersionDate "1996.11.15"]
[SourceQuality "1"]

1. d4 Nf6 2. Nf3 g6 3. c4 Bg7 4. g3 0-0 5. Bg2 d6 6. Nc3 c6 7. h3 Nbd7 8. 0-0 e5 9. e4 Qb6 10. c5 dxc5 11. dxe5 Ne8 12. Na4 Qb4 13. Bd2 Qxe4 14. Re1 Qc4 15. Rc1 Qa6 16. a3 Nc7 17. Nxc5 Nxc5 18. Rxc5 Be6 19. Qc1 Bd5 20. Bh6 Ne6 21. Rc3 Rad8 22. Bxg7 Kxg7 23. Ng5 Qb6 24. Bxd5 Rxd5 25. Rf3 Nd4 26. Rf4 h6 27. Nf3 Ne6 28. Rh4 Rh8 29. Rb4 Qc7 30. Rc4 Qd7 31. Kg2 Rd3 32. Rc3 Rd8 33. Rxd3 Qxd3 34. Qe3 c5 35. Re2 b5 36. Qxd3 Rxd3 0-1

[Event "ROM-chT"]
[Site "Romania"]
[Date "1993.??.??"]
[Round "1"]
[White "Barbu, Nicolai"]
[Black "Pavlov, Mircea Sergiu"]
[Result "1/2-1/2"]
[WhiteElo "2350"]
[BlackElo "2385"]
[PlyCount "66"]
[EventDate "1993.??.??"]
[EventType "team"]
[EventRounds "9"]
[EventCountry "ROU"]
[SourceTitle "EXT 1998"]
[Source "ChessBase"]
[SourceDate "1997.11.17"]
[SourceVersion "1"]
[SourceVersionDate "1997.11.17"]
[SourceQuality "1"]

1. d4 d5 2. Bg5 c6 3. e3 Qb6 4. b3 Bf5 5. Bd3 Bg6 6. h4 Nd7 7. h5 Bxd3 8. Qxd3 e5 9. dxe5 Nxe5 10. Qf5 Nd7 11. Nf3 g6 12. Qd3 Bg7 13. c3 Nc5 14. Qc2 Ne4 15. Bf4 Ngf6 16. h6 Bf8 17. Nbd2 Be7 18. Ng5 Nxd2 19. Qxd2 Nd7 20. Qe2 0-0 21. Qg4 Nc5 22. 0-0 Bf6 23. Bd6 Rfe8 24. Qf4 Bxg5 25. Qxg5 Ne4 26. Qf4 Nxd6 27. Qxd6 Re6 28. Qf4 Rae8 29. g3 Qd8 30. Qf3 Qe7 31. Rad1 Rc8 32. Kg2 b5 33. Rd4 f5 1/2-1/2

[Event "ROM-chT"]
[Site "Romania"]
[Date "1993.??.??"]
[Round "8"]
[White "Dumitrache, Dragos Nicolae"]
[Black "Pavlov, Mircea Sergiu"]
[Result "1-0"]
[WhiteElo "2385"]
[BlackElo "2385"]
[PlyCount "99"]
[EventDate "1993.??.??"]
[EventType "team"]
[EventRounds "9"]
[EventCountry "ROU"]
[SourceTitle "EXT 1998"]
[Source "ChessBase"]
[SourceDate "1997.11.17"]
[SourceVersion "1"]
[SourceVersionDate "1997.11.17"]
[SourceQuality "1"]

1. d4 Nf6 2. c4 c6 3. Nf3 d5 4. Nc3 e6 5. Qb3 Nbd7 6. g3 a5 7. Bg2 a4 8. Qc2 dxc4 9. Nxa4 b5 10. Nc3 Ba6 11. a3 Rc8 12. 0-0 c5 13. Bg5 cxd4 14. Nxd4 Qb6 15. Rad1 Bc5 16. Qd2 0-0 17. Nc2 Bb7 18. Bxb7 Qxb7 19. Nb4 Rfd8 20. Bxf6 gxf6 21. Qf4 Be7 22. Ne4 f5 23. Nd6 Bxd6 24. Rxd6 Re8 25. Rfd1 Nf8 26. Qg5+ Ng6 27. Na2 Qe4 28. Nc3 Qe5 29. Rb6 Rb8 30. Rxb8 Qxb8 31. h4 Kg7 32. h5 h6 33. Qe3 Nf8 34. Qc5 f4 35. g4 Nh7 36. Qxb5 Nf6 37. f3 Qxb5 38. Nxb5 Rb8 39. a4 Nd5 40. Rd4 Nb6 41. Nc3 Ra8 42. Rxf4 e5 43. Re4 Ra5 44. Kf2 f5 45. gxf5 Kf6 46. b4 cxb3 47. Rb4 Nd7 48. e4 Nc5 49. Rb5 Nxa4 50. Nd5+ 1-0

[Event "ROM-chT"]
[Site "Romania"]
[Date "1992.??.??"]
[Round "?"]
[White "Baciu, Stefan"]
[Black "Pavlov, Mircea Sergiu"]
[Result "1-0"]
[WhiteElo "2265"]
[BlackElo "2390"]
[PlyCount "85"]
[EventDate "1992.??.??"]
[EventType "team"]
[EventRounds "9"]
[EventCountry "ROU"]
[SourceTitle "EXT 1997"]
[Source "ChessBase"]
[SourceDate "1996.11.15"]
[SourceVersion "1"]
[SourceVersionDate "1996.11.15"]
[SourceQuality "1"]

1. d4 d6 2. e4 g6 3. Nc3 Bg7 4. Be3 c6 5. Qd2 Nf6 6. f3 Qa5 7. Bd3 Na6 8. Nge2 0-0 9. 0-0 e5 10. d5 Nc5 11. Rab1 Nxd3 12. Qxd3 cxd5 13. b4 dxe4 14. fxe4 Qd8 15. Bg5 h6 16. Bxf6 Bxf6 17. Nd5 Bg5 18. Nec3 Be6 19. Rf2 f5 20. Rbf1 f4 21. Nb5 Bf7 22. g3 a6 23. Nbc3 Rc8 24. gxf4 exf4 25. Ne2 b5 26. Nexf4 Bxf4 27. Nxf4 Bc4 28. Qg3 Qg5 29. Nxg6 Rxf2 30. Rxf2 Qxg3+ 31. hxg3 Re8 32. Rf4 Bxa2 33. Nh4 Bb1 34. Nf5 Bxc2 35. Nxh6+ Kh7 36. Nf7 Kg6 37. Nxd6 Re6 38. Nb7 Rc6 39. Kf2 Rc4 40. e5 Rc3 41. e6 Bf5 42. Rxf5 Kxf5 43. e7 1-0

[Event "ROM-chT"]
[Site "Romania"]
[Date "1992.??.??"]
[Round "?"]
[White "Pavlov, Mircea Sergiu"]
[Black "Tomescu, Vlad"]
[Result "0-1"]
[WhiteElo "2390"]
[BlackElo "2315"]
[PlyCount "62"]
[EventDate "1992.??.??"]
[EventType "team"]
[EventRounds "9"]
[EventCountry "ROU"]
[SourceTitle "EXT 1997"]
[Source "ChessBase"]
[SourceDate "1996.11.15"]
[SourceVersion "1"]
[SourceVersionDate "1996.11.15"]
[SourceQuality "1"]

1. e4 Nc6 2. Nc3 d6 3. d4 Nf6 4. f4 e5 5. dxe5 dxe5 6. Qxd8+ Nxd8 7. fxe5 Nd7 8. Nf3 c6 9. Bc4 Nb6 10. Bb3 Be6 11. Nd4 Bxb3 12. axb3 Bc5 13. Nf5 0-0 14. Bf4 Ne6 15. Bg3 Rfd8 16. Rf1 a5 17. Nd6 Rd7 18. 0-0-0 a4 19. Nxa4 Nxa4 20. bxa4 Rxa4 21. c3 Bxd6 22. Rfe1 Nc5 23. exd6 Rxe4 24. Kc2 f5 25. b4 Rxe1 26. Rxe1 Ne4 27. Be5 Kf7 28. g4 g6 29. gxf5 gxf5 30. Re3 Nxd6 31. Rh3 Ke6 0-1

[Event "ROM-chT"]
[Site "Predeal"]
[Date "1989.??.??"]
[Round "?"]
[White "Vasilescu, Lucian Mihail"]
[Black "Pavlov, Mircea Sergiu"]
[Result "0-1"]
[WhiteElo "2315"]
[BlackElo "2380"]
[PlyCount "60"]
[EventDate "1989.??.??"]
[EventType "team"]
[EventRounds "9"]
[EventCountry "ROU"]
[SourceTitle "EXT 2002"]
[Source "ChessBase"]
[SourceDate "2001.11.25"]
[SourceVersion "1"]
[SourceVersionDate "2001.11.25"]
[SourceQuality "1"]

1. d4 g6 2. c4 Bg7 3. Nf3 c5 4. d5 d6 5. e4 Nf6 6. Nc3 0-0 7. Be2 e6 8. dxe6 Bxe6 9. Bf4 Nc6 10. Bxd6 Re8 11. 0-0 Qa5 12. Qc2 Nxe4 13. Qxe4 Bxc3 14. bxc3 Bf5 15. Qd5 Rxe2 16. Ng5 Be6 17. Qf3 Rxa2 18. Rxa2 Qxa2 19. Nxe6 fxe6 20. Qg4 Re8 21. h4 Qc2 22. Re1 Qf5 23. Qg3 b6 24. Re3 e5 25. Rd3 Na5 26. Kh2 Nxc4 27. Rf3 Qe6 28. Bc7 Nd2 29. Kg1 Nxf3+ 30. gxf3 Qe7 0-1